Counties of Hungary - Statistics

General Stats
  • This quiz has been taken 21 times
  • The average score is 15 of 20
Answer Stats
County Seat County % Correct
Győr Győr-Moson-Sopron
100%
Budapest Pest
100%
Békéscsaba Békés
94%
Municipality of Budapest Budapest
88%
Kecskemét Bács-Kiskun
82%
Szolnok Jász-Nagykun-Szolnok
82%
Veszprém Veszprém
82%
Zalaegerszeg Zala
82%
Miskolc Borsod-Abaúj-Zemplén
76%
Székesfehérvár Fejér
76%
Eger Heves
76%
Szombathely Vas
76%
Pécs Baranya
71%
Debrecen Hajdú-Bihar
71%
Tatabánya Komárom-Esztergom
71%
Kaposvár Somogy
71%
Szekszárd Tolna
71%
Szeged Csongrád-Csanád
59%
Salgótarján Nógrád
59%
Nyíregyháza Szabolcs-Szatmár-Bereg
59%
No matching quizzes found
Score Distribution
Percent of People with Each Score
Percentile by Number Answered
Your Score History
You have not taken this quiz